书目信息 |
| 题名: |
量子计算机重构未来
|
|
| 作者: | 寺部雅能 , 大关真之 著 ;张小猛 译 | |
| 分册: | ||
| 出版信息: | 北京 机械工业出版社 2024.01 |
|
| 页数: | XII, 228页 | |
| 开本: | 21cm | |
| 丛书名: | ||
| 单 册: | ||
| 中图分类: | TP385 | |
| 科图分类: | ||
| 主题词: | 量子计算机--liang zi ji suan ji--研究 | |
| 电子资源: | ||
| ISBN: | 978-7-111-73856-5 | |
| 000 | 01273nam0 2200277 450 | |
| 001 | 93891 | |
| 005 | 20250819174244.61 | |
| 010 | @a978-7-111-73856-5@dCNY59.00 | |
| 100 | @a20240131d2024 em y0chiy50 ea | |
| 101 | 1 | @achi@cjpn |
| 102 | @aCN@b110000 | |
| 105 | @aak z 000yy | |
| 106 | @ar | |
| 200 | 1 | @a量子计算机重构未来@Aliang zi ji suan ji zhong gou wei lai@f(日) 寺部雅能, 大关真之著@g张小猛译 |
| 210 | @a北京@c机械工业出版社@d2024.01 | |
| 215 | @aXII, 228页@c图@d21cm | |
| 312 | @a原文题名取自封面 | |
| 330 | @a本书共5章。其中, 第1章主要围绕量子计算机的发展情况进行了全面论述。第2章主要对量子计算机的基本原理、工作方式和其实际应用进行说明。第3章主要介绍在汽车行业及其他制造业中, 量子计算机未来将引起怎样的变化, 并根据实证实验的事例进行说明。第4章给出了细分领域的多家企业人士采访实录, 从他们所处领域的角度出发, 展望了量子计算机将怎样重构未来世界。第5章以“产研结合”的视角, 展望了在量子计算机这样的新领域中将如何进行革新。 | |
| 500 | 10 | @a量子コンピュータが変える未来@mChinese |
| 606 | 0 | @a量子计算机@Aliang zi ji suan ji@x研究 |
| 690 | @aTP385@v5 | |
| 701 | 0 | @a寺部雅能@Asi bu ya neng@4著 |
| 701 | 0 | @a大关真之@Ada guan zhen zhi@4著 |
| 702 | 0 | @a张小猛@Azhang xiao meng@4译 |
| 801 | 0 | @aCN@c20250909 |
| 905 | @a河南城建学院图书馆@dTP385@eS744@f1 | |
| 量子计算机重构未来/(日) 寺部雅能, 大关真之著/张小猛译.-北京:机械工业出版社,2024.01 |
| XII, 228页:图;21cm |
| ISBN 978-7-111-73856-5:CNY59.00 |
| 本书共5章。其中, 第1章主要围绕量子计算机的发展情况进行了全面论述。第2章主要对量子计算机的基本原理、工作方式和其实际应用进行说明。第3章主要介绍在汽车行业及其他制造业中, 量子计算机未来将引起怎样的变化, 并根据实证实验的事例进行说明。第4章给出了细分领域的多家企业人士采访实录, 从他们所处领域的角度出发, 展望了量子计算机将怎样重构未来世界。第5章以“产研结合”的视角, 展望了在量子计算机这样的新领域中将如何进行革新。 |
| ● |
| 相关链接 |
|
|
|
正题名:量子计算机重构未来
索取号:TP385/S744
 
预约/预借
| 序号 | 登录号 | 条形码 | 馆藏地/架位号 | 状态 | 备注 |
| 1 | 1627819 | 216278196 | 自科库301/301自科库 94排2列2层/ [索取号:TP385/S744] | 在馆 |